| 000 | 00544 a2200193 4500 | ||
|---|---|---|---|
| 005 | 20260421154006.0 | ||
| 008 | 260421b |||||||| |||| 00| 0 eng d | ||
| 020 |
_a9781433844089 _c$ 74.99 |
||
| 040 | _aMAIN | ||
| 082 |
_a610.72 _bK18M(5) |
||
| 100 | _aKazdin, Alan E | ||
| 245 | _aMethodological issues and strategies in clinical research | ||
| 250 | _a5th | ||
| 260 |
_bAmerican Psychological Association _c2024 _aWashington |
||
| 300 | _axvi, 1170 | ||
| 650 | _aMedical Sciences | ||
| 650 | _aMedical Research Methods | ||
| 942 | _cBK | ||
| 999 |
_c395422 _d395422 |
||